Parks of Malaysia : a practical guide and manual

Bibliographic Details
Main Author: Briggs, John
Format: Book
Published: Petaling Jaya : Longman Malaysia , 1991
Subjects:

MARC

LEADER 00000cam a2200000 7i4500
001 0000002827
002 000003058
005 20000330.0
020 |a 9679763870 
090 0 0 |a 790.06809595   |b BRI 
100 1 |a Briggs, John 
245 1 0 |a Parks of Malaysia :   |b a practical guide and manual   |c John Briggs 
260 |a Petaling Jaya :   |b Longman Malaysia ,   |c 1991 
300 |a 122p. ;   |c 23cm. 
650 0 0 |a Parks   |z Malaysia 
999 |a 036432   |b BUKU   |c MALAYSIANA   |e PERPUSTAKAAN KOMUNITI PETALING JAYA